000 00748nam a2200253 a 4500
008
020 _a0491008821(cased)
020 _a0491008724 (pbk.)
049 _aMAIN
090 _aQD76.6.
100 1 _aMaynard, Jeff.
245 1 0 _aComputer programming :
_bmade simple,
_c[by] J. Maynard.
260 _aLondon,
_bW. H. Allen,
_cc1972.
300 _axix, 300 p.:
_b8 p. plates;
_c22 cm.
440 0 _aMade simple books.
650 0 _aComputer programming.
650 0 _aCOBOL (Computer program language).
650 0 _aFORTRAN (Computer program language).
907 _a.b10048625
_b10-09-03
_c17-04-03
003
005 20230123133221.0
040 _cNUST
942 _cBOOKS
_kQD76.6.
999 _c144764
_d144764